000
00322 a2200145 4500
000
nam a22 7a 4500
020
_a
9798898486143
100
_a
peel
110
_a
peel
245
_a
Immunology: Principles and Practice
250
_a
latest
260
_b
cell pub
_c
2026
264
_b
cell pub
_c
2026
942
_c
BK
999
_c
394893
_d
394893